000 00700nam a2200193Ii 4500
003 JO-AjNU
008 230605s9999||||xx |||||||||||||| ||und||
040 _aJO-AjNU
_bara
_erda
_cJO-AjNU
041 _aara
050 1 4 _aZ7052.S3 1983
100 3 _aالسامرائي ، ابراهيم ,
_eauthor
_98922
245 0 0 _aمع المصادر في اللغة والادب "نقد المراجع اللغة والادب"، ج3
264 3 1 _aعمان :دار الفكر للنشر والتوزيع ،1983
300 _aج3، 334ص
336 _atext
_btxt
_2rdacontent
337 _aunmediated
_bn
_2rdamedia
338 _avolume
_bnc
_2rdacarrier
650 4 _aالمصادر-اللغة والادب
_98923
999 _aA1035
_c4603
_d4603